Statistiques concernant Guess The Lyrics #28

Cliquez ici pour prendre le quiz!

Statistiques générales

  • Ce quiz a été pris 93 fois
    (53 depuis la dernière actualisation)
  • Le résultat moyen est 248 sur 549

Statistiques - réponses

% Correct
à
92%
à
92%
à
92%
à
92%
a
92%
je
88%
je
88%
je
88%
je
88%
je
88%
je
88%
de
85%
la
85%
de
85%
la
85%
de
85%
la
85%
la
85%
la
85%
de
85%
la
85%
de
85%
la
85%
la
85%
la
85%
la
85%
de
85%
de
85%
85%
de
85%
le
85%
de
85%
la
85%
la
85%
la
85%
la
85%
la
85%
le
85%
la
85%
de
85%
de
85%
la
85%
de
85%
la
85%
de
85%
la
85%
de
85%
la
85%
la
85%
le
85%
le
85%
de
85%
la
85%
de
85%
la
85%
de
85%
de
85%
de
85%
de
85%
la
85%
le
85%
Le
85%
de
85%
le
85%
la
85%
de
85%
là,
85%
de
85%
Le
85%
de
85%
le
85%
de
85%
de
85%
de
85%
de
85%
la
85%
de
85%
de
85%
la
85%
la
85%
la
85%
de
85%
de
85%
la
85%
la
85%
de
85%
la
85%
la
85%
le
85%
me
85%
le
85%
la
85%
de
85%
de
85%
là,
85%
la
85%
de
85%
le
85%
de
85%
le
85%
de
85%
de
85%
la
85%
la
85%
de
85%
Là,
85%
la
85%
la
85%
ma
79%
ma
79%
les
75%
et
75%
les
75%
les
75%
et
75%
et
75%
et
75%
les
75%
les
75%
se
75%
et
75%
se
75%
et
75%
se
75%
et
75%
Les
75%
et
75%
et
75%
et
75%
les
75%
se
75%
se
75%
les
75%
les
75%
et
75%
les
75%
les
75%
et
75%
en
71%
en
71%
en
71%
en
71%
en
71%
en
71%
en
71%
en
71%
mon
69%
mon
69%
mon
69%
mon
69%
sa
69%
mon
69%
mon
69%
nous
67%
ce
67%
est
67%
ce
67%
nous
67%
nous
67%
suis
65%
des
65%
des
65%
des
65%
des
65%
des
65%
des
65%
des
65%
des
65%
des
65%
on
65%
des
65%
des
65%
des
65%
son
63%
que
63%
que
63%
que
63%
que
63%
du
60%
pour
60%
60%
un
60%
60%
pour
60%
pour
60%
du
60%
pour
60%
pour
60%
pour
60%
pour
60%
du
60%
du
60%
pour
60%
Dans
56%
Dans
56%
dans
56%
Dans
56%
Dans
56%
Dans
56%
dans
56%
Dans
56%
dans
56%
Dans
56%
Dans
56%
Dans
56%
Dans
56%
Dans
56%
Dans
56%
mes
54%
qui
54%
pas
54%
mes
54%
Mes
54%
Mes
54%
jour
54%
qui
54%
ne
54%
mes
54%
ne
54%
pas
54%
mes
54%
qui
54%
fils
52%
fils
52%
fils
52%
femme,
52%
femme,
52%
vallée
50%
vallée
50%
Au
50%
sur
50%
vallée
50%
vallée
50%
vallée
50%
vallée
50%
ça
50%
vallée.
50%
vallée
50%
vallée
50%
moi
50%
vallée
50%
vallée
50%
sur
50%
au
50%
moi,
50%
une
50%
vallée
50%
vallée
50%
sur
50%
vallée
50%
sur
50%
Dana
48%
Dana
48%
Dana
48%
Dana
48%
Dana.
48%
Dana.
48%
Dana
48%
Dana
48%
Dana
48%
Dana.
48%
ont
46%
nos
46%
ont
46%
nos
46%
j'ai
44%
j'ai
44%
j'ai
44%
j'ai
44%
j'ai
44%
j'ai
44%
sont
42%
sont
42%
ces
42%
ces
42%
ces
42%
sont
42%
forgeron
40%
tout
40%
pu
40%
venu
40%
chercher,
40%
tout
40%
pu
40%
tout
40%
pu
40%
tout
40%
tribu,
38%
tribu
38%
souffle
38%
tribu,
38%
tribu
38%
vent
38%
tribu
38%
souffle
38%
tribu
38%
vent
38%
être
38%
tribu
38%
Akim,
38%
tribu
38%
entendre
35%
mais
35%
entendre
35%
main
35%
entendre
35%
car
33%
qu'il
33%
échos.
33%
tous
33%
l'un
33%
échos.
33%
tous
33%
tous
33%
échos.
33%
armoricaine
31%
armoricaine,
31%
plaine.
31%
combat
29%
c'est
29%
toute
29%
toute
29%
domaine,
29%
dernier
29%
regard
29%
sous
29%
combat
29%
domaine.
29%
qu'à
29%
c'est
29%
regard
29%
guerriers
29%
guerriers
29%
maîtres,
29%
ancêtres,
29%
ancêtres
29%
mener
29%
soleil
29%
toute
29%
regard,
29%
combat
29%
Toute
29%
m'ont
27%
armes
27%
sans
27%
Bretagne
27%
druides
27%
Après
27%
plaines
27%
après
27%
jette
27%
bataille
27%
toujours
27%
faire
27%
après
27%
avec
27%
terre
27%
druides
27%
terre
27%
Bretagne
27%
Après
27%
Comme
27%
toujours
27%
comme
27%
armes
27%
décidé
27%
notre
25%
guerre
25%
près
25%
guerre
25%
près
25%
vers
25%
autour
25%
notre
25%
celtes,
25%
guerre
25%
près
25%
autour
25%
plus
25%
imposés
25%
pourquoi.
23%
pourquoi
23%
fallait
23%
chants
23%
jours
23%
fait
23%
chants
23%
chants
23%
batailles,
21%
magie,
21%
grandes
21%
ait
21%
pars
21%
qu'ils
21%
qu'ils
21%
dieux
21%
arriver
21%
seul
21%
fer.
21%
dieux
21%
arriver
21%
géants
19%
quand
19%
quand
19%
grands
19%
roi
19%
épées
19%
sang
19%
cette
19%
chef
19%
afin
19%
grands
19%
l'ennemi,
19%
l'ennemi
19%
doigts
17%
tombeaux.
17%
long
17%
noir
17%
contre
17%
armée
17%
était
17%
lois
17%
lutte
17%
tombeaux.
17%
quelques
17%
glaive
17%
toutes
17%
enterrés
17%
poids
17%
mal
17%
jardin
17%
était
17%
lutte
17%
réunie
17%
couchant,
17%
ennemi
17%
croiser
17%
courage,
17%
tombeaux.
17%
fois
17%
d'hydromel,
17%
larmes,
15%
donnés
15%
d'Eden
15%
déjà
15%
lilala
15%
voyais
15%
jamais
15%
défendre
15%
l'herbe
15%
s'est
15%
lilala
15%
barbares,
15%
lilala
15%
incantations
15%
lilala
15%
bénir.
15%
verte
15%
gorgées
15%
zèle,
15%
lilala
15%
maintenant
15%
défendre
15%
faille,
15%
ombres,
15%
peine
15%
chefs
15%
lilala
15%
devant
13%
rester
13%
invoquer
13%
avaient
13%
perdu,
13%
lances,
13%
haches
13%
chemin
13%
puissent
13%
fierté
13%
première
13%
devenu
13%
d'acharnement,
13%
mises
13%
terrible
13%
frères
13%
qu'on
13%
joues
13%
courait
13%
l'heure
13%
debout
13%
l'autre
13%
revenait
13%
j'espère
13%
menhirs,
13%
frères
13%
jusqu'au
13%
digne
13%
d'un
13%
surnombre.
13%
mains
10%
possédaient
10%
tombaient
10%
telle
10%
d'une
10%
extrême
10%
continué
10%
corne,
10%
voilà
10%
horde,
10%
rappelait
10%
histoire
10%
fiers
10%
l'homme
10%
traîne
10%
haine,
10%
écoulait
8%
entendait
8%
fallait-il
8%
état
8%
j'étais
8%
comprenais
8%
n'y
8%
même
8%
prête
8%
écartés
8%
férocité
8%
épargné
8%
couler
8%
contée.
6%
rejoint
6%
lutterait
6%
enfer
6%
appartenaient
6%
continuer
6%
terres.
6%
posa
6%
compris
6%
serons
6%
avait-il
6%
compris
6%
bout
6%
lâchant
6%
Simeriens
6%
limite
6%
tranchant
6%
règne
6%
n'ai
4%
reconstruit
4%
repartaient,
4%
prière
4%

Distribution des résultats

Percentile by Number Answered

% des personnes avec chaque résultat

Votre développement - résultats

Vous n’avez pas pris ce quiz depuis la dernière actualisation